Statistiques concernant Pays les plus proches de Royaume-Uni (avec une carte)

Cliquez ici pour prendre le quiz!

Statistiques générales

  • Ce quiz a été pris 405 fois
  • Le résultat moyen est 16 sur 20

Réponses sur la Carte

Les réponses sont colorées sur une échelle allant du rouge au vert en fonction du pourcentage des utilisateurs qui les ont devinées à leur premier essai. Vous pouvez retrouver ces pourcentages ci-dessous.
 

Statistiques - réponses

pays% Correct
France
98%
Irlande
97%
Belgique
94%
Allemagne
92%
Islande
92%
Pays-Bas
92%
Espagne
91%
Norvège
91%
Suède
87%
Suisse
85%
Danemark
84%
Italie
84%
Portugal
84%
Luxembourg
80%
Andorre
73%
Monaco
70%
Autriche
62%
Liechtenstein
60%
Pologne
60%
Tchequie
50%

Distribution des résultats

Percentile par nombre de réponses

% des personnes avec chaque résultat

Votre développement - résultats

Vous n’avez pas pris ce quiz